Statistics for Every Traitors in Salem Role

Click here to take the quiz!

General Stats

  • This quiz has been taken 7 times
  • The average score is 26 of 31

Answer Stats

HintAnswer% Correct
DeceptiveArsonist
100%
UtilityBanshee
100%
PowerCultist
100%
InvestigativeInvestigator
100%
PowerNecromancer
100%
UtilitySaint
100%
InvestigativeSeer
100%
PowerSerial Killer
100%
RandomTownie
100%
RandomTraitor
100%
UtilityCoroner
86%
PowerHex Master
86%
UtilityLookout
86%
PowerMayor
86%
DeceptivePoisoner
86%
UtilityPsychic
86%
InvestigativeSheriff
86%
InvestigativeTracker
86%
PowerVeteran
86%
PowerVigilante
86%
UtilityWildling
86%
DeceptiveDisguiser
71%
UtilityExecutioner
71%
DeceptiveIllusionist
71%
UtilityJester
71%
PowerKing
71%
PowerProsecutor
71%
UtilityTransporter
71%
UtilityInquisitor
57%
InvestigativeMedium
57%
DeceptiveWraith
57%

Score Distribution

Percentile by Number Answered

Percent of People with Each Score

Your Score History

You have not taken this quiz